Ke koncepci mzdové reformy.
Výber niektorých hlavných myšlienok z referátu Iva Baštýřa, riaditeľa odboru príjmovej politiky FMPSV. Mzdová reforma je súčasťou ekonomickej reformy smerujúcej k transformácii čs. hospodárstva k trhovej ekonomike a je tiež súčasťou rozvinutej demokratickej základne spoločnosti. Koncepcia a východis...
Salvato in:
| Autore principale: | |
|---|---|
| Natura: | Capitolo di libro |
| Lingua: | ceco |
| Soggetti: | |
| Tags: |
Nessun Tag, puoi essere il primo ad aggiungerne!!
|
MARC
| LEADER | 00000naa a2200000 4500 | ||
|---|---|---|---|
| 001 | r006392 | ||
| 005 | 20221125080745.8 | ||
| 041 | 0 | |a cze | |
| 044 | |a [CS] | ||
| 245 | 1 | 0 | |a Ke koncepci mzdové reformy. |c I. Baštýř |
| 520 | |a Výber niektorých hlavných myšlienok z referátu Iva Baštýřa, riaditeľa odboru príjmovej politiky FMPSV. Mzdová reforma je súčasťou ekonomickej reformy smerujúcej k transformácii čs. hospodárstva k trhovej ekonomike a je tiež súčasťou rozvinutej demokratickej základne spoločnosti. Koncepcia a východiská mzdovej reformy, poňatie mzdovej reformy v podnikateľskej sfére. Dočasná regulácia miezd. | ||
| 610 | 2 | 0 | |a prestavba mzdová |
| 610 | 2 | 0 | |a reformy hospodárske |
| 610 | 2 | 0 | |a FMPSV Praha |
| 610 | 2 | 0 | |a ČSFR |
| 610 | 2 | 0 | |a hospodárstvo trhové |
| 610 | 2 | 0 | |a koncepcie |
| 610 | 2 | 0 | |a podnikanie |
| 610 | 2 | 0 | |a regulácia miezd |
| 100 | 1 | |a Baštýř, I. | |